Historia de la arquitectura /

Guardado en:
Autor Principal: Farias, Javier
Formato: Libro
Publicado: Buenos Aires : Atl ntida, 1951
Edición:2a. ed.
Series:Colección de Oro ; No. 33/34
Materias:
Etiquetas: Agregar Etiqueta
Sin Etiquetas, Sea el primero en etiquetar este registro!
LEADER 00544nam a22001935a 4500
001 CEM.cems007378
005 20060214000000.0
008 130507s1951##################000#0#####d
003 CEMS
082 0 4 |a 720.9 
100 1 |a Farias, Javier 
245 1 0 |a Historia de la arquitectura / 
250 |a 2a. ed. 
260 |a Buenos Aires :  |b Atl ntida,  |c 1951 
300 |a 246 p. 
490 0 |a Colección de Oro ; No. 33/34 
653 |a Arquitectura 
653 |a Historia de la arquitectura 
859 |a CEMS  |b BIB. CEMS - 11 de abril  |h 720.9  |i F225a2  |p 17093.93  |t Ej.1